[Event "Titled Tuesday intern op 13th Aug Early"]
[Site "Chess.com INT"]
[Date "2024.08.13"]
[Round "5"]
[White "Al Hosani, Omran"]
[Black "Perez Rodriguez, Luis Manuel"]
[Result "1-0"]
[WhiteElo "2216"]
[BlackElo "2318"]
[PlyCount "69"]
[EventDate "2024.08.13"]
[EventType "swiss (blitz)"]
[EventRounds "11"]
[EventCountry "USA"]
[SourceTitle "EXT 2025"]
[Source "ChessBase"]
[SourceDate "2024.10.14"]
[SourceVersion "1"]
[SourceVersionDate "2024.10.14"]
[SourceQuality "1"]

1. d4 d5 2. c4 c6 3. Nc3 Nf6 4. cxd5 cxd5 5. Bf4 Nc6 6. e3 a6 7. Bd3 Bg4 8. Qc2 e6 9. a3 Rc8 10. f3 Bh5 11. g4 Bg6 12. Nge2 Bd6 13. h4 Bxd3 14. Qxd3 0-0 15. h5 Bxf4 16. exf4 Na5 17. h6 g6 18. Kf2 Nc4 19. Rab1 Qb6 20. Na4 Qb5 21. Nc5 Qb6 22. g5 Ne8 23. Nd7 Qd6 24. Nxf8 Qxf8 25. Rhc1 Rd8 26. Rc3 f6 27. Rbc1 fxg5 28. b3 Ncd6 29. fxg5 Ne4+ 30. Kf1 Nxc3 31. Qxc3 Qf5 32. Qe3 Qh3+ 33. Ke1 Nd6 34. Qe5 Ne8 35. Nf4 1-0

[Event "Titled Tuesday intern op 13th Aug Early"]
[Site "Chess.com INT"]
[Date "2024.08.13"]
[Round "4"]
[White "Perez Rodriguez, Luis Manuel"]
[Black "Kostiukov, Alexandr"]
[Result "1-0"]
[WhiteElo "2318"]
[BlackElo "2271"]
[PlyCount "57"]
[EventDate "2024.08.13"]
[EventType "swiss (blitz)"]
[EventRounds "11"]
[EventCountry "USA"]
[SourceTitle "EXT 2025"]
[Source "ChessBase"]
[SourceDate "2024.10.14"]
[SourceVersion "1"]
[SourceVersionDate "2024.10.14"]
[SourceQuality "1"]

1. e4 c5 2. Nf3 g6 3. c3 Bg7 4. d4 cxd4 5. cxd4 d5 6. e5 Bg4 7. Bb5+ Nc6 8. Bxc6+ bxc6 9. 0-0 Nh6 10. Nbd2 Nf5 11. h3 Bxf3 12. Nxf3 h5 13. b3 0-0 14. Ba3 Re8 15. Re1 e6 16. Bc5 Bf8 17. Rc1 Qa5 18. Qe2 Rac8 19. g4 hxg4 20. hxg4 Nh6 21. Bxf8 Rxf8 22. Qe3 Kg7 23. Kg2 Rh8 24. Rh1 Qxa2 25. Qf4 Ng8 26. Ng5 Rc7 27. Rxh8 Kxh8 28. Rh1+ Kg7 29. Rh7+ 1-0

[Event "Titled Tuesday intern op 09th Jul Late"]
[Site "Chess.com INT"]
[Date "2024.07.09"]
[Round "1"]
[White "Cardozo Munar, Carlos Eduardo"]
[Black "Perez Rodriguez, Luis Manuel"]
[Result "0-1"]
[WhiteElo "2060"]
[BlackElo "2318"]
[PlyCount "100"]
[EventDate "2024.07.09"]
[EventType "swiss (blitz)"]
[EventRounds "11"]
[EventCountry "USA"]
[SourceTitle "EXT 2025"]
[Source "ChessBase"]
[SourceDate "2024.10.14"]
[SourceVersion "1"]
[SourceVersionDate "2024.10.14"]
[SourceQuality "1"]

1. e4 e5 2. Nf3 Nc6 3. Nc3 Nf6 4. Nxe5 Nxe5 5. d4 Nc6 6. d5 Bb4 7. dxc6 bxc6 8. Bd2 d5 9. e5 Ng4 10. Qe2 0-0 11. h3 Nxe5 12. 0-0-0 Nc4 13. Qf3 Nxd2 14. Rxd2 Rb8 15. g4 Qg5 16. Be2 d4 17. h4 Qc5 18. Ne4 Bxd2+ 19. Nxd2 Be6 20. Nb3 Qd6 21. h5 Bd5 22. Qh3 Bxh1 23. Qxh1 c5 24. g5 Qf4+ 25. Kb1 Qxg5 26. Bc4 Rfe8 27. a3 h6 28. Qc6 Re7 29. Nxc5 Qf6 30. Qxf6 gxf6 31. Bd3 Kg7 32. Nb3 Rd8 33. Na5 Rd6 34. f4 Re3 35. b4 Rh3 36. Nc4 Rxh5 37. Nxd6 cxd6 38. Kb2 Rh4 39. f5 Kf8 40. a4 Ke7 41. b5 Kd8 42. a5 Kc7 43. Kb3 Rh1 44. Kc4 h5 45. Kxd4 h4 46. Be4 Rd1+ 47. Ke3 h3 48. Ke2 Ra1 49. b6+ axb6 50. axb6+ Kxb6 0-1

[Event "Titled Tuesday intern op 09th Jul Late"]
[Site "Chess.com INT"]
[Date "2024.07.09"]
[Round "4"]
[White "Janik, Igor"]
[Black "Perez Rodriguez, Luis Manuel"]
[Result "1-0"]
[WhiteElo "2511"]
[BlackElo "2318"]
[PlyCount "95"]
[EventDate "2024.07.09"]
[EventType "swiss (blitz)"]
[EventRounds "11"]
[EventCountry "USA"]
[SourceTitle "EXT 2025"]
[Source "ChessBase"]
[SourceDate "2024.10.14"]
[SourceVersion "1"]
[SourceVersionDate "2024.10.14"]
[SourceQuality "1"]

1. d4 d5 2. c4 c6 3. cxd5 cxd5 4. Bf4 Nf6 5. e3 Nc6 6. Nc3 a6 7. Bd3 Bg4 8. f3 Bh5 9. Rc1 e6 10. Nge2 Bd6 11. 0-0 Bg6 12. Bxd6 Qxd6 13. Nf4 0-0 14. Nxg6 hxg6 15. f4 Rac8 16. Rf3 b5 17. Rh3 Ne7 18. Qe1 Rfd8 19. Ne2 Nf5 20. Rd1 Rc7 21. Ng3 Rdc8 22. Nxf5 exf5 23. Rf3 Rc6 24. Rf1 Qe7 25. h3 Re6 26. Rf3 Re8 27. Kf2 Nh5 28. g3 g5 29. Bxf5 gxf4 30. gxf4 Qh4+ 31. Kf1 Qxe1+ 32. Rxe1 R6e7 33. Kf2 g6 34. Bd3 f5 35. Rc1 Kf7 36. Rc6 Re6 37. Rxe6 Rxe6 38. Ke2 Rc6 39. Kd2 Nf6 40. Rf1 Rc8 41. Rc1 Rh8 42. Bf1 Ne4+ 43. Ke1 b4 44. Bg2 Nf6 45. Rc7+ Ke6 46. Rc6+ Kf7 47. Rxa6 Rc8 48. Kd2 1-0

[Event "Titled Tuesday intern op 09th Jul Late"]
[Site "Chess.com INT"]
[Date "2024.07.09"]
[Round "11"]
[White "Matinian, Nikita"]
[Black "Perez Rodriguez, Luis Manuel"]
[Result "1-0"]
[WhiteElo "2394"]
[BlackElo "2318"]
[PlyCount "49"]
[EventDate "2024.07.09"]
[EventType "swiss (blitz)"]
[EventRounds "11"]
[EventCountry "USA"]
[SourceTitle "EXT 2025"]
[Source "ChessBase"]
[SourceDate "2024.10.14"]
[SourceVersion "1"]
[SourceVersionDate "2024.10.14"]
[SourceQuality "1"]

1. e4 e5 2. Nf3 Nc6 3. Bb5 a6 4. Ba4 Nf6 5. 0-0 Be7 6. d3 b5 7. Bb3 0-0 8. Nc3 Bb7 9. a3 d6 10. Nd5 Nxd5 11. Bxd5 Qd7 12. b4 Rab8 13. c4 Nd8 14. Bxb7 Rxb7 15. Bd2 f5 16. Rc1 c6 17. Qb3 Kh8 18. cxb5 axb5 19. Rfe1 Ne6 20. exf5 Rxf5 21. d4 Nxd4 22. Nxd4 exd4 23. Qc2 Bh4 24. g3 Bf6 25. Qxf5 1-0

[Event "Titled Tuesday intern op 09th Jul Late"]
[Site "Chess.com INT"]
[Date "2024.07.09"]
[Round "6"]
[White "Perez Rodriguez, Luis Manuel"]
[Black "Golsefidy, Sepehr"]
[Result "1-0"]
[WhiteElo "2318"]
[BlackElo "2018"]
[PlyCount "59"]
[EventDate "2024.07.09"]
[EventType "swiss (blitz)"]
[EventRounds "11"]
[EventCountry "USA"]
[SourceTitle "EXT 2025"]
[Source "ChessBase"]
[SourceDate "2024.10.14"]
[SourceVersion "1"]
[SourceVersionDate "2024.10.14"]
[SourceQuality "1"]

1. e4 e5 2. Nf3 Nc6 3. Bb5 a6 4. Ba4 Bc5 5. 0-0 Nge7 6. Nxe5 Nxe5 7. d4 b5 8. Bb3 Bxd4 9. Qxd4 d6 10. c3 c5 11. Qe3 Bb7 12. f4 N5c6 13. Qg3 Qb6 14. Kh1 c4 15. Be3 Qc7 16. Bc2 g6 17. Nd2 0-0-0 18. a4 f5 19. axb5 axb5 20. b3 d5 21. exd5 Nxd5 22. bxc4 Nxc3 23. cxb5 Nxb5 24. Nb3 Nb4 25. Bd1 Kb8 26. Nc5 Qc6 27. Bf3 Nd5 28. Rab1 Rhe8 29. Bg1 Kc7 30. Rfc1 1-0

[Event "Titled Tuesday intern op 09th Jul Late"]
[Site "Chess.com INT"]
[Date "2024.07.09"]
[Round "2"]
[White "Perez Rodriguez, Luis Manuel"]
[Black "Svane, Rasmus"]
[Result "0-1"]
[WhiteElo "2318"]
[BlackElo "2633"]
[PlyCount "80"]
[EventDate "2024.07.09"]
[EventType "swiss (blitz)"]
[EventRounds "11"]
[EventCountry "USA"]
[SourceTitle "EXT 2025"]
[Source "ChessBase"]
[SourceDate "2024.10.14"]
[SourceVersion "1"]
[SourceVersionDate "2024.10.14"]
[SourceQuality "1"]

1. e4 c6 2. d4 d5 3. exd5 cxd5 4. c4 Nf6 5. Nc3 Nc6 6. Nf3 a6 7. cxd5 Nxd5 8. Bc4 Be6 9. Bb3 Na5 10. Ng5 Qd7 11. 0-0 Nxb3 12. axb3 Bf5 13. Qf3 Nxc3 14. bxc3 e6 15. Re1 Be7 16. Qg3 0-0 17. Bf4 Rac8 18. Re3 Qd5 19. b4 Rc6 20. Nf3 f6 21. Nh4 Rfc8 22. Rae1 Bf8 23. Nxf5 Qxf5 24. h4 b6 25. Qf3 a5 26. bxa5 bxa5 27. g4 Qd5 28. Qe2 a4 29. Rxe6 Rxe6 30. Qxe6+ Qxe6 31. Rxe6 a3 32. Ra6 Rxc3 33. Ra8 Kf7 34. d5 Bc5 35. Kg2 Rc2 36. Bg3 a2 37. d6 Ke6 38. Re8+ Kd7 39. Re7+ Kd8 40. Re1 Bd4 0-1

[Event "Titled Tuesday intern op 02nd Jul Late"]
[Site "Chess.com INT"]
[Date "2024.07.02"]
[Round "11"]
[White "Melikyan, Gnel"]
[Black "Perez Rodriguez, Luis Manuel"]
[Result "0-1"]
[WhiteElo "2238"]
[BlackElo "2318"]
[PlyCount "54"]
[EventDate "2024.07.02"]
[EventType "swiss (blitz)"]
[EventRounds "11"]
[EventCountry "USA"]
[SourceTitle "EXT 2025"]
[Source "ChessBase"]
[SourceDate "2024.10.14"]
[SourceVersion "1"]
[SourceVersionDate "2024.10.14"]
[SourceQuality "1"]

1. b3 e5 2. Bb2 Nc6 3. Nf3 e4 4. Nd4 Nf6 5. g3 Nxd4 6. Bxd4 d5 7. Bg2 c5 8. Bb2 Be7 9. d3 e3 10. 0-0 exf2+ 11. Rxf2 0-0 12. Nd2 Ng4 13. Rf3 Bg5 14. Nf1 d4 15. h3 Ne3 16. Nxe3 Bxe3+ 17. Kh2 f5 18. Bc1 f4 19. gxf4 Qd6 20. Bxe3 dxe3 21. Kh1 Rxf4 22. Rxe3 Bd7 23. Qg1 Raf8 24. Rg3 Qe5 25. Bf3 Rh4 26. Qh2 Qxa1+ 27. Rg1 Qf6 0-1

[Event "Titled Tuesday intern op 02nd Jul Late"]
[Site "Chess.com INT"]
[Date "2024.07.02"]
[Round "6"]
[White "Perez Rodriguez, Luis Manuel"]
[Black "Kovalev, Vladislav"]
[Result "0-1"]
[WhiteElo "2318"]
[BlackElo "2559"]
[PlyCount "106"]
[EventDate "2024.07.02"]
[EventType "swiss (blitz)"]
[EventRounds "11"]
[EventCountry "USA"]
[SourceTitle "EXT 2025"]
[Source "ChessBase"]
[SourceDate "2024.10.14"]
[SourceVersion "1"]
[SourceVersionDate "2024.10.14"]
[SourceQuality "1"]

1. e4 e5 2. Nf3 Nc6 3. Bb5 a6 4. Ba4 Nf6 5. 0-0 Be7 6. Re1 b5 7. Bb3 d6 8. c3 0-0 9. h3 Be6 10. d4 Bxb3 11. axb3 exd4 12. cxd4 Nb4 13. Nc3 c5 14. Bf4 Re8 15. Qd2 Nd7 16. Rad1 Bf8 17. dxc5 Nxc5 18. Bxd6 Bxd6 19. Qxd6 Qxd6 20. Rxd6 Nxb3 21. Red1 f6 22. Rd7 Nc5 23. Rc7 Rac8 24. Rxc8 Rxc8 25. Rd6 Nbd3 26. Nd5 Re8 27. b4 Nxe4 28. Nxf6+ Nxf6 29. Rxd3 Re4 30. Rd8+ Re8 31. Rd6 h6 32. Rxa6 Re4 33. Rb6 Rxb4 34. Ne5 Rb1+ 35. Kh2 b4 36. g4 b3 37. h4 Re1 38. Nf3 Nxg4+ 39. Kg3 Re4 40. Rxb3 Nf6 41. Rb5 Rg4+ 42. Kh3 Kh7 43. Ne5 Rf4 44. Kg3 Rf5 45. Ra5 Ne4+ 46. Kg4 Rf6 47. f4 Rd6 48. h5 Nf6+ 49. Kh4 Rd1 50. Ra3 Rh1+ 51. Rh3 Rf1 52. Kg3 Ne4+ 53. Kg4 Nf2+ 0-1

[Event "Titled Tuesday intern op 02nd Jul Late"]
[Site "Chess.com INT"]
[Date "2024.07.02"]
[Round "9"]
[White "Raczek, Krzysztof"]
[Black "Perez Rodriguez, Luis Manuel"]
[Result "0-1"]
[WhiteElo "2344"]
[BlackElo "2318"]
[PlyCount "74"]
[EventDate "2024.07.02"]
[EventType "swiss (blitz)"]
[EventRounds "11"]
[EventCountry "USA"]
[SourceTitle "EXT 2025"]
[Source "ChessBase"]
[SourceDate "2024.10.14"]
[SourceVersion "1"]
[SourceVersionDate "2024.10.14"]
[SourceQuality "1"]

1. d4 d5 2. c4 c6 3. Nf3 Nf6 4. e3 e6 5. Nbd2 Nbd7 6. b3 Bd6 7. Bb2 0-0 8. Bd3 b6 9. e4 dxe4 10. Nxe4 Be7 11. Qc2 Bb7 12. 0-0 h6 13. Rad1 Qc7 14. Rfe1 Nxe4 15. Bxe4 Nf6 16. Bd3 c5 17. Qe2 Rfe8 18. Ne5 cxd4 19. Bxd4 Bb4 20. Rf1 Rad8 21. Bb2 Bd6 22. Bb1 a5 23. Rd2 Bb4 24. Rxd8 Rxd8 25. a3 Rd2 26. Qe1 Rxb2 27. axb4 axb4 28. Nd3 Rxb3 29. Nxb4 Qxc4 30. Nc2 Qd5 31. f3 Qc5+ 32. Qf2 Nd5 33. Qxc5 bxc5 34. Rc1 Nc3 35. Na1 Ne2+ 36. Kf2 Nxc1 37. Nxb3 Nxb3 0-1

[Event "CUB-ch 60th"]
[Site "Holguin"]
[Date "2024.02.09"]
[Round "5"]
[White "Perez Rodriguez, Luis Manuel"]
[Black "Garcia Matos, Richard Alejandro"]
[Result "1/2-1/2"]
[WhiteElo "2316"]
[BlackElo "2315"]
[PlyCount "30"]
[EventDate "2024.02.05"]
[EventType "swiss"]
[EventRounds "10"]
[EventCountry "CUB"]
[SourceTitle "CBM 219 Extra"]
[Source "ChessBase"]
[SourceDate "2024.05.31"]
[SourceVersion "1"]
[SourceVersionDate "2024.05.31"]
[SourceQuality "1"]

1. e4 c6 2. Nc3 d5 3. Nf3 dxe4 4. Nxe4 Nf6 5. Qe2 Na6 6. d3 Nxe4 7. dxe4 e5 8. g3 Qc7 9. Bg2 Be7 10. 0-0 0-0 11. b3 Re8 12. Bb2 Bf8 13. Rad1 Nc5 14. Rd2 f6 15. Rfd1 Be6 1/2-1/2

[Event "Titled Tuesday intern op 14th Nov Early"]
[Site "Chess.com INT"]
[Date "2023.11.14"]
[Round "7"]
[White "Anishka, Vikram"]
[Black "Perez Rodriguez, Luis Manuel"]
[Result "0-1"]
[WhiteElo "1712"]
[BlackElo "2316"]
[PlyCount "62"]
[EventDate "2023.11.14"]
[EventType "swiss (blitz)"]
[EventRounds "11"]
[EventCountry "USA"]
[SourceTitle "CBM 217 Extra"]
[Source "ChessBase"]
[SourceDate "2024.01.31"]
[SourceVersion "1"]
[SourceVersionDate "2024.01.31"]
[SourceQuality "1"]

1. d4 d5 2. c4 c6 3. cxd5 cxd5 4. Nc3 Nf6 5. Bf4 Nc6 6. e3 a6 7. Nf3 Bg4 8. Be2 Bxf3 9. Bxf3 e6 10. 0-0 Bd6 11. Bxd6 Qxd6 12. Rc1 0-0 13. Na4 e5 14. dxe5 Nxe5 15. Be2 Rac8 16. Qb3 b5 17. Nc3 d4 18. Rcd1 d3 19. Rfe1 Rfd8 20. f4 d2 21. Rf1 Neg4 22. Bxg4 Nxg4 23. Ne4 Qb6 24. Rxd2 Nxe3 25. Rxd8+ Rxd8 26. Rc1 Nd1+ 27. Kh1 Qd4 28. Qf3 h6 29. Ng3 Nf2+ 30. Kg1 Nd3+ 31. Kh1 Nxc1 0-1

[Event "Titled Tuesday intern op 14th Nov Early"]
[Site "Chess.com INT"]
[Date "2023.11.14"]
[Round "6"]
[White "Perez Rodriguez, Luis Manuel"]
[Black "Vila Dupla, Aurelio"]
[Result "1-0"]
[WhiteElo "2316"]
[BlackElo "2030"]
[PlyCount "43"]
[EventDate "2023.11.14"]
[EventType "swiss (blitz)"]
[EventRounds "11"]
[EventCountry "USA"]
[SourceTitle "CBM 217 Extra"]
[Source "ChessBase"]
[SourceDate "2024.01.31"]
[SourceVersion "1"]
[SourceVersionDate "2024.01.31"]
[SourceQuality "1"]

1. e4 c5 2. Nf3 d6 3. d4 cxd4 4. Nxd4 Nf6 5. Nc3 g6 6. Be3 Bg7 7. f3 0-0 8. Qd2 Nc6 9. Bc4 Bd7 10. h4 Ne5 11. Bb3 h5 12. 0-0-0 Rc8 13. Kb1 Qa5 14. Nd5 Qd8 15. Nxf6+ Bxf6 16. g4 Nxf3 17. Nxf3 Bxg4 18. Rdg1 Bxf3 19. Rxg6+ Kh7 20. Rh6+ Kg8 21. Rg1+ Bg4 22. Rxh5 1-0

[Event "Titled Tuesday intern op 19th Sep Early"]
[Site "Chess.com INT"]
[Date "2023.09.19"]
[Round "4"]
[White "Perez Rodriguez, Luis Manuel"]
[Black "Korkmaz, Necmettin"]
[Result "1-0"]
[WhiteElo "2316"]
[BlackElo "2013"]
[PlyCount "75"]
[EventDate "2023.09.19"]
[EventType "swiss (blitz)"]
[EventRounds "11"]
[EventCountry "USA"]
[SourceTitle "EXT 2024"]
[Source "ChessBase"]
[SourceDate "2023.10.10"]
[SourceVersion "1"]
[SourceVersionDate "2023.10.10"]
[SourceQuality "1"]

1. e4 e6 2. d4 d5 3. e5 c5 4. c3 Nc6 5. Nf3 Qb6 6. Bd3 cxd4 7. 0-0 Bd7 8. Nbd2 Nge7 9. Nb3 Nf5 10. Bxf5 exf5 11. Nfxd4 Be6 12. Re1 Be7 13. Qf3 g6 14. Bh6 0-0-0 15. a4 Kb8 16. a5 Qc7 17. a6 b6 18. Nb5 Qd7 19. N3d4 Nxd4 20. Nxd4 g5 21. Bg7 Rhg8 22. Bf6 f4 23. Qh5 Bxf6 24. exf6 Rg6 25. Re5 h6 26. Rxe6 fxe6 27. Qxg6 e5 28. Nf5 d4 29. cxd4 exd4 30. Rd1 d3 31. h4 d2 32. f7 Rf8 33. Nxh6 gxh4 34. Qf6 f3 35. Qf4+ Qc7 36. Qxc7+ Kxc7 37. Rxd2 fxg2 38. Kxg2 1-0

[Event "Titled Tuesday intern op 19th Sep Early"]
[Site "Chess.com INT"]
[Date "2023.09.19"]
[Round "2"]
[White "Perez Rodriguez, Luis Manuel"]
[Black "Terry, Renato"]
[Result "0-1"]
[WhiteElo "2316"]
[BlackElo "2520"]
[PlyCount "56"]
[EventDate "2023.09.19"]
[EventType "swiss (blitz)"]
[EventRounds "11"]
[EventCountry "USA"]
[SourceTitle "EXT 2024"]
[Source "ChessBase"]
[SourceDate "2023.10.10"]
[SourceVersion "1"]
[SourceVersionDate "2023.10.10"]
[SourceQuality "1"]

1. e4 e6 2. d4 d5 3. e5 c5 4. c3 Qb6 5. Nf3 Bd7 6. Bd3 cxd4 7. Nxd4 Nc6 8. Nxc6 bxc6 9. Qe2 Ne7 10. c4 c5 11. Nc3 Bc6 12. 0-0 dxc4 13. Bxc4 Nf5 14. Bb5 Be7 15. Qe4 Rc8 16. Bxc6+ Qxc6 17. Qxc6+ Rxc6 18. Bf4 0-0 19. Rac1 c4 20. Rfd1 Rb8 21. Rc2 Rcb6 22. Bc1 Ra6 23. h3 h5 24. Rd7 Bc5 25. Kf1 h4 26. Rc7 Bd4 27. Rxc4 Bxe5 28. Rc7 Bxc7 0-1

[Event "Titled Tuesday intern op 12th Sep Early"]
[Site "Chess.com INT"]
[Date "2023.09.12"]
[Round "9"]
[White "Turayev, Shahruh"]
[Black "Perez Rodriguez, Luis Manuel"]
[Result "1-0"]
[WhiteElo "2193"]
[BlackElo "2316"]
[PlyCount "99"]
[EventDate "2023.09.12"]
[EventType "swiss (blitz)"]
[EventRounds "11"]
[EventCountry "USA"]
[SourceTitle "EXT 2024"]
[Source "ChessBase"]
[SourceDate "2023.10.10"]
[SourceVersion "1"]
[SourceVersionDate "2023.10.10"]
[SourceQuality "1"]

1. e4 e5 2. Nc3 Nc6 3. Bc4 Nf6 4. d3 Bc5 5. f4 d6 6. Nf3 a6 7. f5 Na5 8. Qe2 c6 9. Be3 Qe7 10. Bxc5 dxc5 11. 0-0 b5 12. Bb3 0-0 13. Nd1 c4 14. dxc4 b4 15. Kh1 Bb7 16. Nf2 Rad8 17. g4 c5 18. g5 Nh5 19. Qe3 Rd4 20. Nxd4 exd4 21. Qf3 g6 22. f6 Qe5 23. Rae1 Qxg5 24. Nd3 Re8 25. Ba4 Re6 26. Rg1 Qxf6 27. Qxf6 Nxf6 28. Nxc5 Rxe4 29. Nxb7 Nxb7 30. Rxe4 Nxe4 31. Bc6 Nbc5 32. Bxe4 Nxe4 33. Re1 f5 34. Kg2 Kf7 35. Ra1 g5 36. a3 b3 37. cxb3 d3 38. Rd1 d2 39. Kf3 Ke6 40. b4 Ke5 41. c5 f4 42. Ke2 g4 43. a4 h5 44. b5 axb5 45. axb5 h4 46. b6 Nxc5 47. Rxd2 h3 48. Rd8 g3 49. hxg3 fxg3 50. Kf3 1-0

[Event "Titled Tuesday intern op 05th Sep Early"]
[Site "Chess.com INT"]
[Date "2023.09.05"]
[Round "6"]
[White "Ismayil, Malak"]
[Black "Perez Rodriguez, Luis Manuel"]
[Result "1-0"]
[WhiteElo "2148"]
[BlackElo "2316"]
[PlyCount "63"]
[EventDate "2023.09.05"]
[EventType "swiss (blitz)"]
[EventRounds "11"]
[EventCountry "USA"]
[SourceTitle "EXT 2024"]
[Source "ChessBase"]
[SourceDate "2023.10.10"]
[SourceVersion "1"]
[SourceVersionDate "2023.10.10"]
[SourceQuality "1"]

1. e4 e5 2. Nf3 Nc6 3. Bc4 Nf6 4. d3 Be7 5. Nc3 d6 6. 0-0 0-0 7. h3 Be6 8. Bb3 d5 9. exd5 Nxd5 10. Re1 Nxc3 11. bxc3 Bxb3 12. axb3 Bd6 13. c4 f6 14. Bb2 Ne7 15. d4 exd4 16. Nxd4 Qd7 17. Ne6 Rfe8 18. c5 Ng6 19. cxd6 Rxe6 20. Rxe6 Qxe6 21. dxc7 Rc8 22. Qd8+ Kf7 23. Rd1 Ne7 24. Ba3 Nc6 25. Rd7+ Kg6 26. Qxc8 Qe1+ 27. Kh2 Qe5+ 28. g3 Qe2 29. Rxg7+ Kxg7 30. Qg4+ Qxg4 31. hxg4 Ne7 32. Bxe7 1-0

[Event "Quebec op"]
[Site "Montreal"]
[Date "2023.07.29"]
[Round "1"]
[White "Perez Rodriguez, Luis Manuel"]
[Black "Mok, Yuen Tak"]
[Result "1/2-1/2"]
[WhiteElo "2328"]
[BlackElo "1841"]
[PlyCount "59"]
[EventDate "2023.07.29"]
[EventType "swiss"]
[EventRounds "9"]
[EventCountry "CAN"]
[SourceTitle "CBM 215 Extra"]
[Source "ChessBase"]
[SourceDate "2023.09.30"]
[SourceVersion "1"]
[SourceVersionDate "2023.09.30"]
[SourceQuality "1"]

1. e4 c6 2. d4 d5 3. exd5 cxd5 4. c4 Nf6 5. Nc3 g6 6. Qb3 Bg7 7. cxd5 0-0 8. Be2 Na6 9. Bf3 Qb6 10. Qxb6 axb6 11. Nge2 Nb4 12. 0-0 Rd8 13. d6 Rxd6 14. Bf4 Rd7 15. Be5 Nfd5 16. a3 Nxc3 17. bxc3 Nc2 18. Ra2 Bxe5 19. dxe5 Nxa3 20. Nd4 Ra6 21. Be2 b5 22. Rfa1 Nc4 23. e6 fxe6 24. Nxb5 Rxa2 25. Rxa2 Nd6 26. Ra8 Rd8 27. Nd4 Kf7 28. f4 Rd7 29. Nf3 Rc7 30. c4 1/2-1/2

[Event "Titled Tuesday intern op 10th Jan Early"]
[Site "Chess.com INT"]
[Date "2023.01.10"]
[Round "1"]
[White "Zemlyanskii, Ivan"]
[Black "Perez Rodriguez, Luis Manuel"]
[Result "1-0"]
[WhiteElo "2237"]
[BlackElo "2329"]
[PlyCount "43"]
[EventDate "2023.01.10"]
[EventType "swiss (blitz)"]
[EventRounds "11"]
[EventCountry "USA"]
[SourceTitle "EXT 2024"]
[Source "ChessBase"]
[SourceDate "2023.10.10"]
[SourceVersion "1"]
[SourceVersionDate "2023.10.10"]
[SourceQuality "1"]

1. d4 d5 2. c4 c6 3. Nf3 Nf6 4. e3 e6 5. Bd3 Nbd7 6. 0-0 Bd6 7. Nbd2 0-0 8. e4 e5 9. cxd5 cxd5 10. Re1 Re8 11. exd5 exd4 12. Rxe8+ Qxe8 13. Nc4 Bc5 14. d6 b5 15. Na5 a6 16. Bf4 Nh5 17. Qd2 Nxf4 18. Qxf4 Nf6 19. Nb3 Bb6 20. Nbxd4 Bb7 21. Re1 Qd8 22. Nf5 1-0

[Event "Quebec op"]
[Site "Laval"]
[Date "2022.09.04"]
[Round "5"]
[White "Robichaud, Louis"]
[Black "Perez Rodriguez, Luis Manuel"]
[Result "0-1"]
[WhiteElo "2026"]
[BlackElo "2335"]
[PlyCount "50"]
[EventDate "2022.09.01"]
[EventType "swiss"]
[EventRounds "9"]
[EventCountry "CAN"]
[SourceTitle "CBM 210 Extra"]
[Source "ChessBase"]
[SourceDate "2022.11.30"]
[SourceVersion "1"]
[SourceVersionDate "2022.11.30"]
[SourceQuality "1"]

1. e4 e5 2. f4 exf4 3. Nf3 Ne7 4. d4 d5 5. Qe2 Nbc6 6. exd5 Qxd5 7. Nc3 Qa5 8. Bxf4 Bg4 9. d5 Nb4 10. Bxc7 Qxc7 11. Qb5+ Nec6 12. dxc6 0-0-0 13. Qxb7+ Qxb7 14. cxb7+ Kxb7 15. Bd3 Nxd3+ 16. cxd3 Rxd3 17. Ke2 Rd8 18. Rhd1 Bd6 19. h3 Be6 20. Rd4 Rhe8 21. Kf1 Bc5 22. Re4 f5 23. Ra4 h6 24. Rd1 Rxd1+ 25. Nxd1 Bd7 0-1

[Event "Quebec op"]
[Site "Laval"]
[Date "2022.09.01"]
[Round "1"]
[White "Ang, Alan"]
[Black "Perez Rodriguez, Luis Manuel"]
[Result "1/2-1/2"]
[WhiteElo "1921"]
[BlackElo "2335"]
[PlyCount "76"]
[EventDate "2022.09.01"]
[EventType "swiss"]
[EventRounds "9"]
[EventCountry "CAN"]
[SourceTitle "CBM 210 Extra"]
[Source "ChessBase"]
[SourceDate "2022.11.30"]
[SourceVersion "1"]
[SourceVersionDate "2022.11.30"]
[SourceQuality "1"]

1. b3 e5 2. Bb2 Nc6 3. c4 Nf6 4. e3 d5 5. cxd5 Nxd5 6. a3 Bd6 7. d3 0-0 8. Nf3 f5 9. Nbd2 Qe7 10. Nc4 Bd7 11. g3 Rae8 12. Bg2 Nf6 13. 0-0 Kh8 14. b4 a6 15. Rc1 b5 16. Nxd6 cxd6 17. Qe2 Rc8 18. Rc2 e4 19. dxe4 fxe4 20. Ng5 d5 21. Nh3 Ne5 22. Nf4 Bg4 23. Qd2 Rc4 24. h3 Nf3+ 25. Bxf3 Bxf3 26. Bxf6 Qxf6 27. Rfc1 Rd8 28. Kh2 d4 29. Rxc4 bxc4 30. Rxc4 d3 31. Rc1 h6 32. a4 Qd6 33. Rc5 Qf6 34. a5 Qa1 35. g4 g5 36. Rc1 Qe5 37. Rc5 Qa1 38. Rc1 Qe5 1/2-1/2